000
00328nam a22001457a 4500
008
230831b ||||| |||| 00| 0 eng d
020
_a
394306767
041
_a
eng
080
_2
SECOND EDITION
_a
101
082
_a
101GOR
100
_a
40
101
_a
FILO
245
_a
PHILOSOPHICAL ANALYSIS
_c
GOROVITZ.S
942
_2
udc
_c
BK
999
_c
60213
_d
60213